Ломоносов и русская наука: читано для учащихся средних школ 29 марта 1945 года в Москве на "Ломоносовских чтениях"

Dades bibliogràfiques
Autor principal: Вавилов С. И. Сергей Иванович
Idioma:rus
Publicat: Москва, Молодая гвардия, 1945
Col·lecció:Ломоносовские чтения
Matèries:
Format: MixedMaterials Llibre
KOHA link:https://koha.lib.tpu.ru/cgi-bin/koha/opac-detail.pl?biblionumber=214143

MARC

LEADER 00000nam0a2200000 4500
001 214143
005 20231031193448.0
010 |b 25000 экз. 
035 |a (RuTPU)RU\TPU\book\233995 
090 |a 214143 
100 |a 20120419d1945 e y0rusy50 ca 
101 0 |a rus 
102 |a RU 
105 |a ac z 000zb 
200 1 |a Ломоносов и русская наука  |e читано для учащихся средних школ 29 марта 1945 года в Москве на "Ломоносовских чтениях"  |f С. И. Вавилов 
210 |a Москва  |c Молодая гвардия  |d 1945 
215 |a 39 с.  |c ил. 
225 1 |a Ломоносовские чтения 
320 |a Примечания: с. 34-37 
320 |a Избранная литература о Ломоносове: с. 38-39. 
600 1 |a Ломоносов  |g Михаил Васильевич  |b М. В.  |c ученый-естествоиспытатель, поэт, историк, художник, деятель просвещения, науки и экономики  |f 1711-1765  |2 stltpush  |3 (RuTPU)RU\TPU\pers\975 
610 1 |a наука 
610 1 |a Россия 
610 1 |a история 
610 1 |a история науки 
610 1 |a 18 век 
686 |a Ч213(2)д  |2 rubbk 
700 1 |a Вавилов  |b С. И.  |c российский ученый, физик  |f 1891-1951  |g Сергей Иванович  |2 stltpush  |3 (RuTPU)RU\TPU\pers\476 
801 1 |a RU  |b 63413507  |c 20120419 
801 2 |a RU  |b 63413507  |c 20120419  |g RCR 
942 |c BK